| 000 | 01146nam a2200229 i 4500 | ||
|---|---|---|---|
| 001 | 160676 | ||
| 003 | ES-MaACL | ||
| 005 | 20250808063540.0 | ||
| 008 | 980810m18991900sp |||| | spa d | ||
| 100 | 1 |
_aNieto y Serrano, Matías, _d1813-1902 _9130482 |
|
| 245 | 1 | 0 |
_aFilosofia y fisiología comparadas en su historia con el criterio de la ciencia viviente _b: conferencias dadas en la Escuela de Especialidades Médicas / _cpor D. Matías Nieto Serrano, marqués de Guadalerzas. |
| 246 | 3 |
_iTít. del v. 1 _aFilosofía y fisiología _b: conferencias dadas en la Escuela de Especialidades Médicas |
|
| 260 |
_aMadrid : _b[s.n.], _c1899-1900 ( _fE. Teodoro) |
||
| 300 |
_a3 v. ; _c23 cm. |
||
| 530 | _aDisponible en formato digital. | ||
| 594 | _aEl tít. del v. 1 es: Filosofía y fisiología: conferencias dadas en la Escuela de Especialidades Médicas. | ||
| 597 | _aAntep. | ||
| 650 | 4 |
_aFisiología. _9136120 |
|
| 852 |
_aES-MaACL _jG-15752-54 _z- Enc. hol., conservando cub. original _x-- Edic.: |
||
| 856 |
_uhttp://bdh-rd.bne.es/viewer.vm?id=0000135202&page=1 _zBiblioteca Digital Hispánica |
||
| 999 |
_c160676 _d160676 |
||